000 00218nam a22000857a 4500
008 240910b |||||||| |||| 00| 0 eng d
100 _aOswaal
_97599
245 _aQuestion Bank Science-IX
260 _aNew Delhi
_bOswaal
_c2024
999 _c12680
_d12680